[Event "Helsingor Xtracon op"]
[Site "Helsingor"]
[Date "2018.07.22"]
[Round "2"]
[White "Sundin, Sven Ingvar"]
[Black "Naesborg, Jens Ole"]
[Result "1-0"]
[WhiteElo "1567"]
[BlackElo "1866"]
[PlyCount "89"]
[EventDate "2018.07.21"]
[EventType "swiss"]
[EventRounds "10"]
[EventCountry "DEN"]
[SourceTitle "CBM 185 Extra"]
[Source "ChessBase"]
[SourceDate "2018.07.29"]
[SourceVersion "1"]
[SourceVersionDate "2018.07.29"]
[SourceQuality "1"]

1. e4 Nc6 2. Nf3 e5 3. Bb5 d6 4. 0-0 Bg4 5. c3 a6 6. Ba4 b5 7. Bc2 Qf6 8. d3 h6 9. Nbd2 Be7 10. Re1 Qe6 11. Nf1 Nf6 12. Ng3 0-0 13. h3 Bh5 14. Nxh5 Nxh5 15. Bb3 Qg6 16. Bd5 Na7 17. Bxa8 Rxa8 18. Kh2 f5 19. exf5 Qf6 20. g4 Rf8 21. d4 Qf7 22. dxe5 dxe5 23. Nxe5 Qe8 24. Ng6 Rf7 25. gxh5 Nc6 26. Nxe7+ Rxe7 27. Rxe7 Nxe7 28. Qg4 Qc6 29. Be3 Qd6+ 30. Bf4 Qb6 31. Be3 Qd6+ 32. Qf4 Qf6 33. Bd4 Qf7 34. Rg1 Nxf5 35. Be5 Qxh5 36. Bxc7 Nh4 37. Rg3 Nf5 38. Rd3 Qf7 39. Rd8+ Kh7 40. Ra8 g5 41. Qe5 Ng7 42. Qe4+ Nf5 43. Be5 Qe6 44. Ra7+ Kg8 45. Qa8+ 1-0

[Event "Helsingor Xtracon op"]
[Site "Helsingor"]
[Date "2018.07.21"]
[Round "1"]
[White "Naesborg, Jens Ole"]
[Black "Aabling Thomsen, Jakob"]
[Result "0-1"]
[WhiteElo "1866"]
[BlackElo "2379"]
[PlyCount "60"]
[EventDate "2018.07.21"]
[EventType "swiss"]
[EventRounds "10"]
[EventCountry "DEN"]
[SourceTitle "CBM 185 Extra"]
[Source "ChessBase"]
[SourceDate "2018.07.29"]
[SourceVersion "1"]
[SourceVersionDate "2018.07.29"]
[SourceQuality "1"]

1. f4 d5 2. Nf3 Nf6 3. g3 Nc6 4. Bg2 Bg4 5. Ne5 Nxe5 6. fxe5 Ne4 7. d3 Nc5 8. h3 Bh5 9. Nc3 e6 10. d4 Nd7 11. Qd2 c5 12. e3 Be7 13. 0-0 0-0 14. Ne2 Qb6 15. Nf4 Bg6 16. Kh1 Be4 17. Bxe4 dxe4 18. Qg2 cxd4 19. Qxe4 Nc5 20. Qf3 Rad8 21. exd4 Rxd4 22. Be3 Rc4 23. Qe2 Qc6+ 24. Kh2 Nd7 25. c3 Re4 26. Qf2 Rxe5 27. Bd4 Rf5 28. g4 Rxf4 29. Qd2 Rxf1 30. Rxf1 Qd6+ 0-1

[Event "Helsingor Xtracon op"]
[Site "Helsingor"]
[Date "2017.07.24"]
[Round "4"]
[White "Naesborg, Jens Ole"]
[Black "Persson, Lars2222"]
[Result "1-0"]
[WhiteElo "1808"]
[BlackElo "1590"]
[PlyCount "57"]
[EventDate "2017.07.22"]
[EventType "swiss"]
[EventRounds "10"]
[EventCountry "DEN"]
[SourceTitle "CBM 179 Extra"]
[Source "ChessBase"]
[SourceDate "2017.08.23"]
[SourceVersion "1"]
[SourceVersionDate "2017.08.23"]
[SourceQuality "1"]

1. e4 d6 2. d4 Nf6 3. Nc3 e6 4. Nf3 Be7 5. Bd3 0-0 6. b3 Nbd7 7. Bb2 c6 8. Qe2 e5 9. h3 Re8 10. g4 Bf8 11. 0-0-0 exd4 12. Nxd4 Nc5 13. g5 Nfd7 14. f4 d5 15. e5 Nxd3+ 16. Rxd3 Nc5 17. Rg3 Ne6 18. Nxe6 Bxe6 19. h4 g6 20. h5 Qd7 21. Qh2 Bf5 22. hxg6 Bxg6 23. Rh3 Qf5 24. Nd1 Bc5 25. Ne3 Bxe3+ 26. Rxe3 Re6 27. Rd3 Qg4 28. Rg1 Qh5 29. Rh3 1-0

[Event "Helsingor Xtracon op"]
[Site "Helsingor"]
[Date "2017.07.23"]
[Round "3"]
[White "Skjoldager, Morten"]
[Black "Naesborg, Jens Ole"]
[Result "1/2-1/2"]
[WhiteElo "1538"]
[BlackElo "1808"]
[PlyCount "94"]
[EventDate "2017.07.22"]
[EventType "swiss"]
[EventRounds "10"]
[EventCountry "DEN"]
[SourceTitle "CBM 179 Extra"]
[Source "ChessBase"]
[SourceDate "2017.08.23"]
[SourceVersion "1"]
[SourceVersionDate "2017.08.23"]
[SourceQuality "1"]

1. e4 d5 2. exd5 Nf6 3. Nf3 Bg4 4. Be2 Qxd5 5. Nc3 Qh5 6. d3 c6 7. h3 Bxf3 8. Bxf3 Qa5 9. 0-0 e6 10. Bf4 Nbd7 11. a3 e5 12. Re1 Bd6 13. Bg3 0-0 14. Ne4 Nxe4 15. dxe4 Qc7 16. Re3 Rad8 17. b4 Be7 18. Rd3 Nb6 19. Qe2 Rxd3 20. cxd3 Rd8 21. Qc2 Qd6 22. Rd1 Qd4 23. Bg4 c5 24. b5 f6 25. Kh1 Qd6 26. Be2 Rc8 27. Rf1 g5 28. Rd1 Qd8 29. f3 Kg7 30. Bf2 Na8 31. Rc1 b6 32. Qc4 Nc7 33. Bd1 Bd6 34. Bb3 Qe7 35. a4 Re8 36. Ra1 Kh6 37. a5 Ra8 38. axb6 axb6 39. Rxa8 Nxa8 40. Qf7 Qxf7 41. Bxf7 Kg7 42. Bc4 Kg6 43. g4 Nc7 44. Kg1 Ne8 45. Kf1 Ng7 46. Be3 h5 47. Ke2 Ne8 1/2-1/2

[Event "Politiken Cup 37th"]
[Site "Helsingor"]
[Date "2015.07.25"]
[Round "1"]
[White "Carlstedt, Jonathan"]
[Black "Naesborg, Jens Ole"]
[Result "1-0"]
[WhiteElo "2460"]
[BlackElo "1900"]
[PlyCount "77"]
[EventDate "2015.07.25"]
[EventType "swiss"]
[EventRounds "10"]
[EventCountry "DEN"]
[SourceTitle "CBM 167 Extra"]
[Source "ChessBase"]
[SourceDate "2015.09.14"]
[SourceVersion "1"]
[SourceVersionDate "2015.09.14"]
[SourceQuality "1"]

1. c4 f5 2. g3 e5 3. Bg2 Nc6 4. Nc3 Nf6 5. e3 g6 6. Nge2 d6 7. 0-0 Bg7 8. d3 0-0 9. Rb1 a6 10. b4 Ne7 11. f4 Qe8 12. Qd2 h6 13. Bb2 g5 14. b5 a5 15. Ba3 Kh8 16. b6 c5 17. Nb5 Qd8 18. Nc7 Rb8 19. Qxa5 e4 20. Rfd1 Nc6 21. Qd2 Qe7 22. Nc3 gxf4 23. N3d5 Qf7 24. Nxf4 Ne5 25. Nb5 Rd8 26. Bb2 Nh5 27. dxe4 Nxc4 28. Bxg7+ Kxg7 29. Nxh5+ Qxh5 30. Qc3+ Ne5 31. Rxd6 Re8 32. Nc7 Re7 33. Ne6+ Bxe6 34. Qxe5+ Kf7 35. Rxe6 Rxe6 36. Qxb8 Qe2 37. Qxb7+ Kf6 38. Rf1 Qxe3+ 39. Kh1 1-0